000 00398nam a22001337a 4500
999 _c518122
_d518122
008 210823b ||||| |||| 00| 0 eng d
100 _aBagchi, Amiya Kumar
_928583
245 _aImperialism from the eleventh century to the Twenty-first century
260 _aSocial Scientist
300 _a49(3-4), Mar-Apr, 2021: p.3-20
773 _aSocial Scientist
906 _aIMPERIALISM
942 _cAR